Joan Duran (Record no. 16118)
[ view plain ]
| 000 - LÍDER | |
|---|---|
| campo de control de longitud fija | 01109nam a2200229Ia 4500 |
| 008 - ELEMENTOS DE DATOS DE LONGITUD FIJA - INFORMACIÓN GENERAL | |
| campo de control de longitud fija | 0000002002 sp ad 0000000000mul00 |
| 090 ## - NÚMERO DE LLAMADA DE TIPO LC LOCALMENTE ASIGNADO (OCLC) | |
| Número de clasificación (OCLC) (R) | PSP00 C17jd |
| 100 1# - ENTRADA PRINCIPAL - NOMBRE PERSONAL | |
| Nombre de la persona | Castro Flórez, Fernando |
| 245 10 - TÍTULO DECLARACIÓN | |
| Título | Joan Duran |
| Declaración de responsabilidad | / textos de Fernando Castro Flórez ; traducción Montse Holgado, Josephine Watson ; fotografías Martí Gasull |
| 260 ## - PUBLICACIÓN, DISTRIBUCIÓN | |
| Lugar de publicación | Barcelona : Galeria Joan Prats |
| Fecha de publicación | 2002 |
| 300 ## - DESCRIPCIÓN FÍSICA | |
| Alcance | [32] p. |
| Dimensiones | / 28 cm. |
| 500 ## - NOTA GENERAL | |
| Nota general | Exposición realizada en la Galería Joan Prats ArtGrafic de Barcelona en los meses de septiembre y octubre de 2002 \ Incluye datos biográficos y cronología artística \ Texto en español, catalán e inglés \ Donación de Klaus Steinmetz, julio de 2016 |
| 501 ## - Con nota | |
| Con nota | TEXTO: la pintura en erupción, unas consideraciones sobre la obra de Joan Duran |
| 600 00 - ENTRADA DE SUJETO AÑADIDO - NOMBRE PERSONAL | |
| Nombre de la persona | DURAN, JOAN, 1947 / |
| Subdivisión general | TRABAJOS PICTORICOS |
| 650 14 - ENTRADA DE SUJETO AÑADIDO - TÉRMINO TÓPICO | |
| Término tópico o elemento de entrada del nombre geográfico | PINTURA ESPAÑOLA |
| 650 14 - ENTRADA DE SUJETO AÑADIDO - TÉRMINO TÓPICO | |
| Término tópico o elemento de entrada del nombre geográfico | ARTE CONTEMPORANEO CATALAN |
| 650 14 - ENTRADA DE SUJETO AÑADIDO - TÉRMINO TÓPICO | |
| Término tópico o elemento de entrada del nombre geográfico | ARTE CONTEMPORANEO ESPAÑOL |
| 650 14 - ENTRADA DE SUJETO AÑADIDO - TÉRMINO TÓPICO | |
| Subdivisión general | CATALOGOS |
| 650 14 - ENTRADA DE SUJETO AÑADIDO - TÉRMINO TÓPICO | |
| Subdivisión general | EXPOSICIONES |
| 650 14 - ENTRADA DE SUJETO AÑADIDO - TÉRMINO TÓPICO | |
| Término tópico o elemento de entrada del nombre geográfico | PINTORES ESPAÑOLES |
| 650 14 - ENTRADA DE SUJETO AÑADIDO - TÉRMINO TÓPICO | |
| Término tópico o elemento de entrada del nombre geográfico | PINTURA MODERNA ESPAÑOLA |
| Estado de retirada | Pérdida de estatus | Estado dañado | No para préstamo | Código de recogida | Ubicación permanente | Ubicación actual | Ubicación de las estanterías | Fecha de adquisición | Número de llamada completo | Código de barras | Fecha de la última vez que se vio | Número de copia | Precio efectivo desde | Tipo de artículo Koha |
|---|---|---|---|---|---|---|---|---|---|---|---|---|---|---|
| General | ArtNexus | ArtNexus | General | 06/09/2022 | P-SP-00 C17JD | 16444 | 06/09/2022 | Ej.1 | 06/09/2022 | Libro |